00905nam a2200229 450000100060000000300080000600500170001400800410003103500190007204000410009104100080013208200260014024500660016626000520023230000340028449000910031850400500040965000590045965100470051870000230056583000870058843117BD-RjUL20211209053641.0160619s1951 enka b 001 0 eng u a(BD-RjUL)43235 aOUNdOCLdUKMdBD-RjULbengcBD-RjUL aeng a330.942223bLES 195110aLessons of the British war economy /cedited by D.N. Chester. aCambridge :bCambridge University Press,c1951. axii, 260 p. :bill. ;c24 cm.1 aNational Institute of Economic and Social Research / Economic and social studies ;v10 aIncludes bibliographical footnotes and index. 0aWorld War, 1939-1945xEconomic aspectszGreat Britain. 0aGreat BritainxEconomic policyy1945-1964. aChester, D. N. ed. 0aNational Institute of Economic and Social Research / Economic and social studies ;